| 000 | 01821cam a2200337 4500 | ||
|---|---|---|---|
| 008 | 040416n2004 000 0 eng u | ||
| 020 | _a1842191918 | ||
| 035 | _a(Sirsi) u125855 | ||
| 041 | _aeng | ||
| 050 |
_a333.337094 _c18 |
||
| 100 | _aAdair, Alastair | ||
| 245 | 4 |
_aThe development of land and property markets in Central and Eastern Europe _bissues of data |
|
| 260 |
_aLondon _bRICS Foundation _c2004 |
||
| 300 |
_a39p. _c30cm. |
||
| 490 | _aRICS Foundation Scoping Studies | ||
| 520 | _aThis report examines the relationship between the availability of property market data and the development of functioning markets in Central and Eastern Europe, including the impacts for the real estate profession. Looks at: background market information; the data that is currently available; the opinions of key players in the Central and Eastern European property markets; the development of property performance indices in Central and Eastern Europe; and constructing property performance indices. Concludes by recommending strategic roles for the Research Forums, an independent data co-ordinator and RICS. Further reading and websites. | ||
| 650 | _aPROPERTY MARKETS | ||
| 650 | _aPROPERTY INDICES | ||
| 650 | _aEASTERN EUROPE | ||
| 650 | _aCENTRAL EUROPE | ||
| 650 | _aPROPERTY PERFORMANCE | ||
| 650 | _aMARKET DATA | ||
| 690 | _aPROPERTY-COMMERCIAL PROPERTY-COMMERCIAL PROPERTY MARKET | ||
| 700 | _aAllen, Suzanne | ||
| 700 | _aBerry, Jim | ||
| 700 | _aMcGreal, Stan | ||
| 710 |
_aRoyal Institution of Chartered Surveyors _bFoundation _94173 |
||
| 710 |
_aUniversity of Ulster Centre for Research on Property and Planning _94661 |
||
| 856 |
_uhttps://www.rics.org/Global/Downloads/DevelopmentLandPropertyCentralEasternEurope200406.pdf _zView the report on the RICS website... |
||
| 942 | _n0 | ||
| 999 |
_c103481 _d103481 |
||